| 000 | 01042nam a2200313 i 4500 | ||
|---|---|---|---|
| 001 | 184586 | ||
| 003 | ES-MaACL | ||
| 005 | 20231122110607.0 | ||
| 008 | 151023s2012 sp |||| | spa d | ||
| 020 | _a84-7882-726-9 | ||
| 080 | _a821.14 Hesiodo 1.07 | ||
| 080 | _a292.11 | ||
| 080 | _a340.12(38) | ||
| 100 | 1 |
_aSánchez de la Torre, Angel. _9102585 |
|
| 245 | 1 | 0 |
_aHesíodo, caos y cosmos _b: tensiones creadoras de justicia / _cÁngel Sánchez de la Torre. |
| 250 | _a1ª ed. | ||
| 260 |
_aMadrid : _bEdiciones Clásicas, _c2012. |
||
| 300 |
_a438 p. ; _c23 cm. |
||
| 500 | _aApéndice. | ||
| 504 | _aBibliografía: p. 423-438. | ||
| 600 | 1 | 7 |
_aHesíodo- _xCrítica e interpretación. _9158008 |
| 650 | 7 |
_aMitología griega. _915104 |
|
| 650 | 7 |
_aJusticia. _914032 |
|
| 852 |
_aES-MaACL _jA-13601 _9 191590 _bR.150790 _cDEPO1 _dOlikm: N-6601 _hDonacion: Real Academia Española |
||
| 914 |
_96336 _aReal Academia Española _ednr |
||
| 942 |
_2udc _cMONOGRAFIA |
||
| 999 |
_c184586 _d184586 |
||